Collected poems of w.b. yeats (Record no. 143999)

MARC details
000 -LEADER
fixed length control field 00347nam a2200145Ia 4500
008 - FIXED-LENGTH DATA ELEMENTS--GENERAL INFORMATION
fixed length control field 230917s9999||||xx |||||||||||||| ||und||
040 ## - CATALOGING SOURCE
-- 115607
Original cataloging agency VIVEKANANDA LIBRARY
041 ## - Language
-- English
082 ## - DDC NUMBER
Classification number 821.8 Y34C
100 ## - MAIN ENTRY--PERSONAL NAME
Personal name Yeats, W.B
245 #0 - TITLE STATEMENT
Title Collected poems of w.b. yeats
260 ## - PUBLICATION, DISTRIBUTION, ETC. (IMPRINT)
Place of publication, distribution, etc London
Name of publisher, distributor, etc Wordsworth
Date of publication, distribution, etc 2000
300 ## - PHYSICAL DESCRIPTION
Pages 403p p.
942 ## - ADDED ENTRY ELEMENTS (KOHA)
Koha item type Books
Holdings
Withdrawn status Lost status Damaged status Not for loan Location (home branch) Sublocation or collection (holding branch) Date acquired Koha issues (times borrowed) Koha full call number Accession No. Koha date last seen Koha item type Shelving location
        VIVEKANANDA LIBRARY VIVEKANANDA LIBRARY 10/05/2008   821.8 Y34C 256998 17/09/2023 Books  
        VIVEKANANDA LIBRARY VIVEKANANDA LIBRARY 10/05/2008   821.8 Y34C 256999 17/09/2023 Books  
        VIVEKANANDA LIBRARY VIVEKANANDA LIBRARY 10/05/2008   821.8 Y34C 257000 17/09/2023 Books  
        VIVEKANANDA LIBRARY VIVEKANANDA LIBRARY 10/05/2008   821.8 Y34C 257001 17/09/2023 Books  
        VIVEKANANDA LIBRARY VIVEKANANDA LIBRARY 10/05/2008   821.8 Y34C 257002 17/09/2023 Books Directorate of Distance Education
        VIVEKANANDA LIBRARY VIVEKANANDA LIBRARY 10/05/2008   821.8 Y34C 263730 17/09/2023 Books  
        VIVEKANANDA LIBRARY VIVEKANANDA LIBRARY 10/05/2008   821.8 Y34C 263731 17/09/2023 Books  
        VIVEKANANDA LIBRARY VIVEKANANDA LIBRARY 10/05/2008   821.8 Y34C 263732 17/09/2023 Books  
© Designed and Maintained by Vivekananda Library, MDU Rohtak